000 00746nam a2200181Ia 4500
008 090201s9999 xx 000 0 und d
010 _aKPL-74822
040 _bमराठी
041 _aमराठी
082 _a55382
_b74822
100 _aमंदाकिनी अष्टीकर
245 _aसंस्कार मंदिराचा मांगल्य कुंकवाचे (रामबाग)
_cमंदाकिनी अष्टीकर
250 _a1
260 _c2008
_bनिशिगंधा प्रकाशन
300 _a200
_bलहान
600 _aसंस्कार मंदिराचा मांगल्य कुंकवाचे (रामबाग)
942 _cBOOK
999 _c251643
_d251643